| 000 | 00596nam a2200205Ia 4500 | ||
|---|---|---|---|
| 005 | 20260429112121.0 | ||
| 008 | 260429s9999||||xx |||||||||||||| ||und|| | ||
| 020 | _a9789348610652 | ||
| 041 | _aEnglish | ||
| 082 |
_a578.0954 _bBAG |
||
| 100 | _aBagchi, Anita | ||
| 245 | 0 |
_aAnimal science and plant science in ancient India : _band her conservation ethics / _cAnita Bagchi |
|
| 250 | _a1st ed. | ||
| 260 |
_aDelhi : _bB. R. Publishing Corporation, _c2025. |
||
| 300 | _axv, 200 p.; hb | ||
| 650 | _a Ancient India | ||
| 650 | _a Plant science | ||
| 650 | _aAnimal science | ||
| 942 | _cTB | ||
| 999 |
_c52441 _d52441 |
||